• 首页
  • 本馆介绍
  • 公告通知
  • 最新文献
  • 馆藏检索
  • 电子资源
  • 读者导购
  • 参考咨询
  • 我的图书馆
  • 登录
  • 详细信息显示
  • 放入我的书架
  • 预约/预借图书
  • 作者相关作品
  • 分类相关作品
  • 丛书相关作品
  • 出版社相关作品

书目信息

  • 表格格式
  • 工作单格式
  • 卡片格式
题名:
水利工程设计
    
 
作者: 夏祖伟 , 王俊 , 油俊巧 主编
分册:  
出版信息: 长春   吉林科学技术出版社  2020.06
页数: 247页
开本: 26cm
丛书名:
单 册:
中图分类: TV222 , TV22
科图分类:
主题词: 水利工程测量--shui li gong cheng , 水利工程--设计
电子资源:
ISBN: 978-7-5578-7566-4
000 00862nam0 2200265 450
001 2337365357
005 20231123102259.45
010    @a978-7-5578-7566-4@dCNY65.00
100    @a20210929d2020 em y0chiy50 ea
101 0  @achi
102    @aCN@b220000
105    @ay z 000yy
200 1  @a水利工程设计@Ashui li gong cheng she ji@f夏祖伟, 王俊, 油俊巧主编
210    @a长春@c吉林科学技术出版社@d2020.06
215    @a247页@d26cm
330    @a本书共九章, 包括水库工程设计、河道工程设计、水利水电工程设计、农田水利设计、防洪工程设计、水利工程景观设计等内容。
606 0  @a水利工程测量@Ashui li gong cheng
606 0  @a水利工程@x设计
690    @aTV222@v5
690    @aTV22@v4
701  0 @a夏祖伟@Axia zu wei@4主编
701  0 @a王俊@Awang jun@4主编
701  0 @a油俊巧@Ayou jun qiao@4主编
801  0 @aCN@b人天书店@c20210929
905    @aBZT@dTV22@e3
    
    水利工程设计/夏祖伟, 王俊, 油俊巧主编.-长春:吉林科学技术出版社,2020.06
    247页;26cm
    
    
    ISBN 978-7-5578-7566-4:CNY65.00
    本书共九章, 包括水库工程设计、河道工程设计、水利水电工程设计、农田水利设计、防洪工程设计、水利工程景观设计等内容。
●
相关链接 在五车中查询图书 在当当中查询图书 在豆瓣中查询图书


正题名:水利工程设计     索取号:TV22/3         预约/预借

序号 登录号 条形码 馆藏地/架位号 状态 备注
1 2001078292   2001078292   东辅楼二楼书库/ [索取号:TV22/3] 在馆    
2 2001078293   2001078293   东辅楼二楼书库/ [索取号:TV22/3] 在馆    
3 2001078294   2001078294   东辅楼二楼书库/ [索取号:TV22/3] 在馆    
4 2001078295   2001078295   东辅楼二楼书库/ [索取号:TV22/3] 在馆    
5 2001078296   2001078296   东辅楼二楼书库/ [索取号:TV22/3] 在馆    
6 2001078297   2001078297   东辅楼二楼书库/ [索取号:TV22/3] 在馆    
7 2001078298   2001078298   东辅楼二楼书库/ [索取号:TV22/3] 在馆    
8 2001078299   2001078299   东辅楼二楼书库/ [索取号:TV22/3] 在馆    
9 2001078300   2001078300   东辅楼二楼书库/ [索取号:TV22/3] 在馆    
10 2001078301   2001078301   东辅楼二楼书库/ [索取号:TV22/3] 在馆    
11 2001078302   2001078302   东辅楼二楼书库/ [索取号:TV22/3] 在馆    
12 2001078303   2001078303   东辅楼二楼书库/ [索取号:TV22/3] 在馆    
13 2001078304   2001078304   东辅楼二楼书库/ [索取号:TV22/3] 在馆    
14 2001078305   2001078305   东辅楼二楼书库/ [索取号:TV22/3] 在馆    
15 2001078306   2001078306   东辅楼二楼书库/ [索取号:TV22/3] 在馆    
16 2001078307   2001078307   东辅楼二楼书库/ [索取号:TV22/3] 在馆    
17 2001078308   2001078308   东辅楼二楼书库/ [索取号:TV22/3] 在馆    
18 2001078309   2001078309   东辅楼二楼书库/ [索取号:TV22/3] 在馆    
19 2001078310   2001078310   东辅楼二楼书库/ [索取号:TV22/3] 在馆    
20 2001078311   2001078311   东辅楼二楼书库/ [索取号:TV22/3] 在馆    
21 2001078312   2001078312   东辅楼二楼书库/ [索取号:TV22/3] 在馆    
22 2001078313   2001078313   东辅楼二楼书库/ [索取号:TV22/3] 在馆    
23 2001078314   2001078314   东辅楼二楼书库/ [索取号:TV22/3] 在馆    
24 2001078315   2001078315   东辅楼二楼书库/ [索取号:TV22/3] 在馆    
25 2001078316   2001078316   东辅楼二楼书库/ [索取号:TV22/3] 在馆    
26 2001078317   2001078317   东辅楼二楼书库/ [索取号:TV22/3] 在馆    
27 2001078318   2001078318   东辅楼二楼书库/ [索取号:TV22/3] 在馆    
28 2001078319   2001078319   东辅楼二楼书库/ [索取号:TV22/3] 在馆    
29 2001078320   2001078320   东辅楼二楼书库/ [索取号:TV22/3] 在馆    
30 2001078321   2001078321   东辅楼二楼书库/ [索取号:TV22/3] 在馆    
山东省滨州职业学院图书馆 欢迎您!
大连网信软件有限公司© 版权所有